000 01015nam a2200313 a 4500
001 000108203
003 CHAP
005 20220329144003.0
008 131217s2012 caua |r| ||1|||eng d
010 _a104665
011 _a105637
020 _a9789814267984
040 _cCHAP
082 0 4 _a628.5
_bH23
245 0 0 _aHandbook of metal biotechnology :
_baplications for environmental conservation and sustainability /
_ceditado por Michihito Ike, Mitsuo Yamashitá y Satoshi Soda.
260 _aCalifornia :
_bPan Stanford,
_c2012.
300 _axii, 231 p. :
_bil.
590 _aE5765TAJ
_b05
_c20131217
_lUCH01
_h1449
590 _aE5765TAJ
_b05
_c20131218
_lUCH01
_h0918
650 1 4 _aMetales
_xEfecto en el medio ambiente.
_9125121
650 1 4 _aMetales
_xEfecto en suelo.
_9125122
650 1 4 _aMetales
_xEnfecto en agua.
_9175541
700 1 _aIke, Michihiko
_9125114
700 1 _aSoda, Satoshi
_eed.
_9125116
700 1 _aYamashitá, Mitsuo
_9125115
901 _aBK
942 _cLIBRO
942 _n0
999 _c104665
_d104665